000 01954cam a22004934i 4500
003 PE-LiUPU
005 20250731173335.0
008 150706s2003 xxu r 000 0 eng d
020 _a0918954908
035 _a(Sirsi) i9780918954909
040 _aPE-LiUPU
_bspa
_cPE-LiUPU
_erda
049 _aPRUA
082 0 4 _a226.6077
_bC97
_221
100 1 _aCuly, Martin M.,
_eautor.
245 1 0 _aActs :
_ba handbook on the greek text /
_cMartin M. Culy y Mikeal C. Parsons.
264 1 _aWaco, Texas USA :
_bBaylor University Press,
_c2003.
300 _a558 páginas ;
_c19 centímetros
336 _atext
_2rdacontent
337 _aunmediated
_2rdamedia
338 _avolume
_2rdacarrier
505 0 _aActs a Handbook on the Greek Text.
526 _aSEG42
526 _aSEG41
526 _aSEG40
526 _aSEG39
526 _aP94
526 _aP87
526 _aP86
526 _aP85
526 _aP77
526 _aP76
526 _aP35
541 _g1057695742-4939426;
541 _g20081126230934D47324;
630 0 4 _aBiblia.
_pN.T.
_pHechos
_vComentarios.
910 _bng
_cng
_d20090310
942 _2ddc
_cBOOK
949 _a226.6077 C97
_wDEWEY
_c1
_i59823
_lCCODEBUL1
_mBUL
_p30.00
_r0
_sY
_tBOOK
_u2015-7-6
_xTEOLOGIA
_PP85
_0COMPRA
_o.STAFF. Colección Teología
949 _a226.6077 C97
_wDEWEY
_c2
_i59394
_lCCODEBUL1
_mBUL
_p28.00
_r0
_sY
_tBOOK
_u2015-7-6
_xTEOLOGIA
_zUNKNOWN
_0COMPRA
_o.STAFF. Colección Teología
994 _aC0
_bPEPRU
596 _a1
999 _a226.6077 C97
_wDEWEY
_c48981
_i59823
_f2021-11-9
_g5
_lCCODEBUL1
_mBUL
_p30.00
_r0
_sY
_tBOOK
_u2015-7-6
_xTEOLOGIA
_PP85
_0COMPRA
_o.STAFF. Colección Teología
_d48981
999 _a226.6077 C97
_wDEWEY
_c2
_i59394
_f2021-11-9
_g5
_lCCODEBUL1
_mBUL
_p28.00
_r0
_sY
_tBOOK
_u2015-7-6
_xTEOLOGIA
_PP35
_0COMPRA
_o.STAFF. Colección Teología
980 _81
_gALBERTO SANCHEZ Responsable de Automatización